000
00320nam a2200145 i 4500
001
bg
245
0
_a
Anglo-russkij slovar'.
250
_a
Izd.3 ispravl. i dopol.
260
_a
Moskva,
_c
1950.
040
_c
BPK
041
_a
pol
080
_a
802.0:808.2
942
_c
KS
008
s pl f |000 0 pol
999
_c
16250
_d
16250